Quels sont les vainqueurs de la coupe du monde de foot - Statistiques

Statistiques générales
  • Ce quiz a été pris 296 fois
  • Le résultat moyen est 19 sur 21
Statistiques - réponses
Année Vainqueur % Correct
2018 France
100%
1998 France
100%
2014 Allemagne
99%
1990 Allemagne
99%
2002 Brésil
99%
1994 Brésil
99%
1970 Brésil
99%
1962 Brésil
99%
1958 Brésil
99%
2006 Italie
99%
1982 Italie
99%
1938 Italie
99%
1934 Italie
99%
2010 Espagne
98%
1986 Argentine
95%
1978 Argentine
95%
1950 Uruguay
94%
1930 Uruguay
94%
1966 Angleterre
89%
1974 RFA
44%
1954 RFA
44%
Aucun quiz correspondant
Distribution des résultats
% des personnes avec chaque résultat
Percentile par nombre de réponses
Votre historique - résultats
Vous n’avez pas pris ce quiz